| 000 | 00000cas 2200000zi 4500 |
| 001 | 9.955509 |
| 003 | CaOODSP |
| 005 | 20260604142423 |
| 006 | m o d f |
| 007 | cr cn |||||||| |
| 008 | 250918c20249999oncar p o f0 a0eng|d |
| 022 | |a2819-6988 |
| 040 | |aCaOODSP|beng|erda|cCaOODSP |
| 043 | |an-cn--- |
| 086 | 1 |aBT1-75E-PDF |
| 222 | 4|aGovernment of Canada's digital talent strategy, ... year in review |
| 245 | 04|aThe government of Canada's digital talent strategy, year in review. |
| 264 | 1|a[Ottawa] : |b[Treasury Board of Canada Secretariat], |c[2025]- |
| 310 | |aAnnual |
| 336 | |atext|btxt|2rdacontent |
| 337 | |acomputer|bc|2rdamedia |
| 338 | |aonline resource|bcr|2rdacarrier |
| 362 | 1 |aBegan with: Fiscal year 2023/2024. |
| 500 | |aIssued also in French under title: Stratégie en matière de talents numériques du gouvernement du Canada, bilan de l'exercice. |
| 588 | |aDescription based on: 2023/2024. |
| 588 | |aLatest issue consulted: 2023/2024. |
| 650 | 0|aInternet in public administration|zCanada|vPeriodicals. |
| 650 | 0|aElectronic data processing personnel|xRecruiting|zCanada|vPeriodicals. |
| 650 | 0|aWeb services|xGovernment policy|zCanada|vPeriodicals. |
| 655 | 7|aPeriodicals|2lcgft |
| 710 | 1 |aCanada. |bTreasury Board, |eissuing body. |
| 775 | 08|tStratégie en matière de talents numériques du gouvernement du Canada, bilan de l'exercice.|w(CaOODSP)9.955513 |